000 00793nam a2200205Ia 4500
005 20140513130551.0
010 _aB-521058-069
020 _a9788131912416
_c125.00
035 _aB-521058-069
037 _adpl
_bBlueberry/Ven
082 _a537
_bPHY
245 _aPhysics: electricity/
_cEd by Anil Kumar ,Tomar and Pallabi, B.Tomar
260 _aNew Delhi
_bPegasus
_c2012
270 _a1921/10, Chuna Mandi, Paharganj
_bNew Delhi
_e110055
300 _a31p.
_bcol.ill
_c27cm(Hb)
_apegasus is an imprint of B.Jain Publishers
700 _aTomar, Anil Kumar
700 _aTomar, Pallabi.B
942 _2ddc
_cCH
_h537
_mPHY
999 _c84091
_d84091